Communes de l'Hérault de A à Z - Statistiques

Statistiques générales
  • Ce quiz a été pris 34 fois
  • Le résultat moyen est 7 sur 19
Statistiques - réponses
Ville Nombre d'Habitants % Correct
M Montpellier 310 240
100%
B Béziers 81 545
90%
S Sète 45 337
90%
L Lunel 26 623
79%
A Agde 29 939
69%
F Frontignan 24 136
69%
C Castelnau-le-Lez 26 058
48%
J Juvignac 14 055
45%
P Pérols 9 615
38%
V Villeneuve-lès-Maguelone 10 872
21%
G Grabels 9 092
17%
N Nissan-lez-Enserune 4 124
17%
Q Quarante 1 776
17%
H Hérépian 1 594
10%
O Olonzac 1 693
7%
R Restinclières 2 612
7%
E Entre-Vignes 2 200
3%
T Teyran 4 787
3%
U Usclas-d'Hérault 439
0%
Aucun quiz correspondant
Distribution des résultats
% des personnes avec chaque résultat
Percentile par nombre de réponses
Votre historique - résultats
Vous n’avez pas pris ce quiz